مدخل إلى الرابوطيات / (رقم التسجيلة. 66234)

تفاصيل مارك
000 -LEADER
fixed length control field 00627nam a22001937a 4500
005 - DATE AND TIME OF LATEST TRANSACTION
control field 20251108171930.0
008 - FIXED-LENGTH DATA ELEMENTS--GENERAL INFORMATION
fixed length control field 250721s1989 xx 000 0 ara d
082 14 - DEWEY DECIMAL CLASSIFICATION NUMBER
Classification number ط/629.89/بوت
100 1# - MAIN ENTRY--PERSONAL NAME
Personal name بوتر، توني
245 10 - TITLE STATEMENT
Title مدخل إلى الرابوطيات /
264 1# - PRODUCTION, PUBLICATION, DISTRIBUTION, MANUFACTURE, AND COPYRIGHT NOTICE
Place of production, publication, distribution, manufacture بيروت :
Name of producer, publisher, distributor, manufacturer المؤسسة العربية للدراسات و النشر،
Date of production, publication, distribution, manufacture, or copyright notice 1989.
300 ## - PHYSICAL DESCRIPTION
Extent 48ص
650 17 - SUBJECT ADDED ENTRY--TOPICAL TERM
Topical term or geographic name as entry element الميكانيك
653 ## - INDEX TERM--UNCONTROLLED
Uncontrolled term التحكم بواسطة الحاسوب
700 1# - ADDED ENTRY--PERSONAL NAME
Personal name جلر، ايغور
700 1# - ADDED ENTRY--PERSONAL NAME
Personal name الطريفي، محمد إبراهيم
Relator term ترجمة
942 ## - ADDED ENTRY ELEMENTS (KOHA)
Source of classification or shelving scheme Dewey Decimal Classification
Koha item type كتب
المقتنيات
حالة السحب حالة الفقدان مصدر التصنيف حالة التلف غير قابل للإعارة المكتبة الرئيسية المكتبة الحالية موقع الرف تاريخ التزويد الرقم المتسلسل Total Checkouts رقم الإستدعاء تاريخ آخر ظهور تاريخ الفاتورة نوع المادة (كوها) الباركود
    Dewey Decimal Classification     مكتبة الأميرة ايمان العامة مكتبة الأميرة ايمان العامة الأطفال 15/09/2013 [1712]   ط/629.89/بوت 28/07/2025 15/09/2013 كتب PLD00277069
    Dewey Decimal Classification Unchecked   مكتبة الجويدة مكتبة الجويدة الأطفال 06/07/2004 10   ط/629.89/بوت 28/07/2025 06/07/2004 كتب  
Implemented & Customized by: BBB with SCIT (Smart Chains for Information Technology)

Powered by Koha